| 000 | 00470ntaaa2200181 4500 | ||
|---|---|---|---|
| 003 | 01 | ||
| 005 | 20251027203000.0 | ||
| 008 | 0714s1973 ag 01 | ||
| 040 |
_aAR-BaBN _bspa _cAR-BaBN _eaacr _dRIC |
||
| 082 | _a982.0860 P93t | ||
| 100 |
_aPrieto, Ramón _925916 |
||
| 245 | _aTreinta años de vida argentina 1945-1975 | ||
| 250 | _a1 ed. | ||
| 260 |
_aBuenos Aires : _bEditorial Sudamericana, _c1977 |
||
| 300 | _a286 p | ||
| 650 | _aArgentina-historia | ||
| 942 | _cBK | ||
| 999 |
_c25221 _d25221 |
||